000 00470nam a2200157 i 4500
001 63118
003 ES-MaACL
005 20230906164805.0
007 t|
008 031128s1968 sp ||||1| spa d
100 1 _aFernández Romero, Andrés.
_950044
245 1 0 _aControl e información en la empresa /
_cAndrés Fernández Romero.
260 _aBarcelona :
_bSagitario,
_c1968.
300 _a218 p., 6 lám. :
_bil. ;
_c22 cm.
852 _aES-MaACL
_jC-34999
_bR.66867
999 _c63118
_d63118